LEADER 01333nam a22002891i 4500 001 991000083419707536 005 20031014154126.0 008 031111s1981 gw |||||||||||||||||ger 035 $ab12568077-39ule_inst 035 $aARCHE-060133$9ExL 040 $aDip.to Lingue$bita$cA.t.i. Arché s.c.r.l. Pandora Sicilia s.r.l. 082 04$a838 100 0 $aHeinrich :$cvon Meissen$0458877 245 10$aLeichs, Sangspruche, Lieder /$cFrauenlob (Heinrich von Meissen) ; auf Grund der Vorarbeiten von Helmuth Thomas ; herausgegeben von Karl Stackmann und Karl Bertau 260 $aGöttingen :$bVandenhoeck & Ruprecht,$c1981 300 $a2 v. (1112 p. compless.) ;$c25 cm 440 0$aAbhandlungen der Akademie der Wissenschaften in Gottingen. Philologisch-Historische Klasse.$p3 Folge ;$v119-120 700 1 $aBertau, Karl 700 1 $aStackmann, Karl 700 1 $aThomas, Helmuth 907 $a.b12568077$b02-04-14$c13-11-03 912 $a991000083419707536 945 $aLE012 F.G. 1025$cV. 1$g1$i2012000066403$lle012$o-$pE0.00$q-$rl$s- $t0$u0$v0$w0$x0$y.i13022052$z13-11-03 945 $aLE012 F.G. 1025/1$cV. 2$g1$i2012000066397$lle012$o-$pE0.00$q-$rl$s- $t0$u0$v0$w0$x0$y.i13022064$z13-11-03 996 $aLeichs, Sangspruche, Lieder$9173870 997 $aUNISALENTO 998 $ale012$b13-11-03$cm$da $e-$fger$ggw $h0$i2 LEADER 01286nam 2200397 450 001 9910627288503321 005 20230809224955.0 035 $a(CKB)3710000001629628 035 $a(MiAaPQ)EBC5897939 035 $a(MiAaPQ)EBC4872718 035 $a(EXLCZ)993710000001629628 100 $a20191011d2017 uy 0 101 0 $aeng 135 $aurcnu|||||||| 181 $ctxt$2rdacontent 182 $cc$2rdamedia 183 $acr$2rdacarrier 200 00$aPlant gene silencing $emechanisms and applications /$fedited by Tamas Dalmay, School of Biological Sciences, University of East Anglia, Norwich, UK 210 1$aWallingford, Oxfordshire, England ;$aBoston, Massachusetts :$cCABI,$d[2017] 210 4$dİ2017 215 $a1 online resource (x, 213 pages) $cillustrations 225 1 $aCABI biotechnology series ;$vVolume 5 311 $a1-78064-767-0 320 $aIncludes bibliographical references. 410 0$aCABI biotechnology series ;$vVolume 5. 606 $aPlant gene silencing 615 0$aPlant gene silencing. 676 $a572.8652 702 $aDalmay$b Tamas 801 0$bMiAaPQ 801 1$bMiAaPQ 801 2$bMiAaPQ 906 $aBOOK 912 $a9910627288503321 996 $aPlant gene silencing$92973055 997 $aUNINA